[Event "?"]
[Site "ICC 5 3 09/16/97, Internet Ch"]
[Date "1997.??.??"]
[Round "?"]
[White "Brause"]
[Black "Frota"]
[Result "1/2-1/2"]
[WhiteElo "2620"]
[BlackElo "2105"]
[PlyCount "237"]

1. e4 e5 2. Nf3 Nc6 3. Nc3 Nf6 4. Nxe5 Nxe5 5. d4 Ng6 6. e5 Ng8 7. Bc4 Bb4 8.
Qf3 Qe7 9. O-O Bxc3 10. bxc3 Nh6 11. g3 O-O 12. Qh5 d5 13. Bxd5 c6 14. Bf3 Be6
15. a4 Qd7 16. Bxh6 gxh6 17. Qxh6 Bd5 18. Qe3 Bxf3 19. Qxf3 Qd5 20. Qxd5 cxd5
21. f4 Rfc8 22. f5 Nf8 23. Ra3 Rc6 24. a5 Rac8 25. Rb1 R8c7 26. Rab3 Rxc3 27.
Rxc3 Rxc3 28. Rxb7 a6 29. Ra7 Rc6 30. g4 h6 31. h3 Kg7 32. e6 Nxe6 33. fxe6
Rxe6 34. Rd7 Re2 35. Rxd5 Rxc2 36. Rd6 Rd2 37. Kf1 f6 38. Rxa6 Rxd4 39. Rb6 Ra4
40. Rb7+ Kg6 41. Rb5 Ra2 42. Rh5 Kg7 43. Ke1 Kg6 44. Kd1 Ra3 45. Ke2 f5 46.
Rxf5 Rxh3 47. Kf2 Ra3 48. Kg2 Kg7 49. Rc5 Kg6 50. Kf2 Kg7 51. Rd5 Kf6 52. Rh5
Kg6 53. Kg2 Kg7 54. Rf5 Kg6 55. Re5 Kg7 56. Kf2 Kg6 57. Rf5 Kg7 58. Rb5 Kg6 59.
Kg2 Kg7 60. Kh2 Kg6 61. Re5 Kf6 62. Rf5+ Kg6 63. Rd5 Kg7 64. g5 hxg5 65. Rxg5+
Kf6 66. Rb5 Ke6 67. Kg2 Kd6 68. Kf2 Kc6 69. Rh5 Kb7 70. Re5 Ka6 71. Rd5 Rxa5
72. Rd8 Re5 73. Kf3 Kb6 74. Kf4 Rc5 75. Ke4 Kc7 76. Rg8 Rh5 77. Rg6 Kb7 78. Re6
Ka7 79. Kd3 Kb7 80. Kd4 Ka7 81. Rc6 Kb7 82. Rc3 Kb6 83. Rc8 Ka6 84. Rb8 Ka7 85.
Rb2 Ka6 86. Kc4 Ka7 87. Rb3 Ka6 88. Rb8 Ka7 89. Rb1 Ka6 90. Rb3 Ka7 91. Kd4 Ka6
92. Rb1 Ka7 93. Kc3 Ka6 94. Rb8 Ka7 95. Rb2 Rh4 96. Kd3 Ka6 97. Rb8 Ka7 98. Rb1
Ka6 99. Rb2 Ka5 100. Kc3 Ka6 101. Rb8 Ka7 102. Rb5 Ka6 103. Rc5 Ka7 104. Rc6
Kb7 105. Re6 Ka7 106. Kd3 Kb7 107. Rg6 Ka7 108. Rc6 Kb7 109. Rc2 Ka6 110. Rc5
Kb6 111. Rc1 Ka7 112. Rc8 Kb7 113. Rd8 Ka7 114. Rd6 Kb7 115. Rf6 Ka7 116. Ke3
Kb7 117. Rd6 Kc7 118. Rd5 Kc6 119. Rf5 1/2-1/2

[Event "?"]
[Site "ICC 5 3 09/16/97, Internet Ch"]
[Date "1997.??.??"]
[Round "?"]
[White "Brause"]
[Black "sekere"]
[Result "1-0"]
[WhiteElo "2610"]
[BlackElo "2020"]
[PlyCount "28"]

1. e4 e5 2. Nf3 Nc6 3. Nc3 Nf6 4. Nxe5 Nxe5 5. d4 Nc6 6. d5 Ne5 7. f4 Ng6 8. e5
Ng8 9. d6 c6 10. g3 f6 11. Qh5 fxe5 12. Bd3 Bxd6 13. Bxg6+ Kf8 14. fxe5 Be7 1-0

[Event "?"]
[Site "ICC 5 5 09/15/97, Internet Ch"]
[Date "1997.??.??"]
[Round "?"]
[White "Brause"]
[Black "Tepir"]
[Result "1/2-1/2"]
[WhiteElo "2555"]
[BlackElo "2055"]
[PlyCount "73"]

1. e4 e5 2. Nf3 Nc6 3. Nc3 Nf6 4. Nxe5 Nxe5 5. d4 Ng6 6. e5 Ng8 7. Bc4 Bb4 8.
Qf3 Bxc3+ 9. bxc3 Qe7 10. O-O Nh6 11. g3 O-O 12. Qh5 Re8 13. Bxh6 gxh6 14. Qxh6
Qf8 15. Qxf8+ Kxf8 16. h4 b6 17. h5 Ne7 18. Bd3 Kg7 19. f4 Bb7 20. Rad1 h6 21.
c4 f5 22. c5 bxc5 23. dxc5 Bc6 24. Rd2 Rab8 25. c3 Kf7 26. Bc4+ Kg7 27. Re1
Red8 28. Kf2 Bb5 29. Bxb5 Rxb5 30. Red1 Rxc5 31. Rxd7 Rxd7 32. Rxd7 Kf7 33. Rd3
Ke6 34. Rd8 Kf7 35. Rd3 Ke6 36. Rd8 Kf7 37. Rd3 1/2-1/2

[Event "?"]
[Site "ICC 5 3 09/17/97, Internet Ch"]
[Date "1997.??.??"]
[Round "?"]
[White "Brause"]
[Black "gemini8"]
[Result "1-0"]
[WhiteElo "2625"]
[BlackElo "2100"]
[PlyCount "45"]

1. e4 e5 2. Nf3 Nc6 3. Nc3 Nf6 4. Nxe5 Nxe5 5. d4 Bb4 6. dxe5 Nxe4 7. Qg4 Bxc3+
8. bxc3 Nxc3 9. Qxg7 Qh4 10. Qxh8+ Ke7 11. Ba3+ d6 12. exd6+ cxd6 13. Qxc3 Be6
14. Qc7+ Kf6 15. Bb2+ Kg6 16. Bd3+ f5 17. Qg7+ Kh5 18. Be2+ Qg4 19. Qxh7+ Kg5
20. h4+ Kf4 21. Qh6+ Ke4 22. Qxe6+ Kf4 23. Bc1# 1-0

[Event "?"]
[Site "ICC 5 3 09/17/97, Internet Ch"]
[Date "1997.??.??"]
[Round "?"]
[White "Brause"]
[Black "brit"]
[Result "1-0"]
[WhiteElo "2630"]
[BlackElo "2000"]
[PlyCount "61"]

1. e4 e5 2. Nf3 Nc6 3. Nc3 Nf6 4. Nxe5 Nxe5 5. d4 Ng6 6. e5 Ng8 7. Bc4 Bb4 8.
Qf3 f5 9. h4 d5 10. Qxd5 Qxd5 11. Bxd5 c6 12. Bb3 Nf8 13. a3 Bxc3+ 14. bxc3 Be6
15. O-O Ne7 16. a4 Kf7 17. Rb1 b6 18. Bg5 h6 19. Be3 Nd5 20. Bd2 b5 21. axb5
cxb5 22. Bxd5 Bxd5 23. Rxb5 Bc4 24. Rb7+ Kg6 25. Ra1 a6 26. Rc7 Be2 27. Re1 Bb5
28. e6 a5 29. d5 a4 30. e7 Nd7 31. c4 1-0

[Event "?"]
[Site "ICC 5 3 09/17/97, Internet Ch"]
[Date "1997.??.??"]
[Round "?"]
[White "Brause"]
[Black "brit"]
[Result "1-0"]
[WhiteElo "2630"]
[BlackElo "2000"]
[PlyCount "63"]

1. e4 e5 2. Nf3 Nc6 3. Nc3 Nf6 4. Nxe5 Nxe5 5. d4 Ng6 6. e5 Bb4 7. exf6 Qxf6 8.
Qe2+ Ne7 9. Bd2 Bxc3 10. Bxc3 O-O 11. Qe5 Qxe5+ 12. dxe5 Nd5 13. Bd4 f6 14. Bc4
c6 15. exf6 gxf6 16. O-O-O d6 17. Rhe1 Bf5 18. Bc3 Rae8 19. Bxd5+ cxd5 20. Rxe8
Rxe8 21. Rxd5 Be4 22. Rxd6 Bxg2 23. Bxf6 Bc6 24. Bd4 a6 25. Kd2 Re4 26. Kc3 Rg4
27. b3 Rg6 28. Rd8+ Kf7 29. Be5 Re6 30. f4 Rh6 31. Rd2 Ke6 32. Rd6+ 1-0

[Event "?"]
[Site "ICC 5 3 09/17/97, Internet Ch"]
[Date "1997.??.??"]
[Round "?"]
[White "Brause"]
[Black "brit"]
[Result "1-0"]
[WhiteElo "2635"]
[BlackElo "2000"]
[PlyCount "75"]

1. e4 e5 2. Nf3 Nc6 3. Nc3 Nf6 4. Nxe5 Nxe5 5. d4 Ng6 6. e5 Bb4 7. exf6 Qxf6 8.
Bc4 O-O 9. O-O Bxc3 10. bxc3 d6 11. Rb1 b6 12. Bd3 Be6 13. a3 Rfe8 14. Qh5 Bd7
15. f4 Nf8 16. f5 h6 17. Qf3 Rab8 18. Qd5 Bc8 19. Bf4 Bb7 20. Qc4 Rbc8 21. Rfe1
Rxe1+ 22. Rxe1 Nh7 23. Qa4 a5 24. Qd7 Qd8 25. Qxd8+ Rxd8 26. Re7 Rc8 27. Bxd6
cxd6 28. Rxb7 Rxc3 29. Rxb6 Rxa3 30. Rxd6 Ra1+ 31. Kf2 Nf6 32. Rd8+ Kh7 33. Kf3
a4 34. Rf8 a3 35. Rxf7 a2 36. Ra7 Nd5 37. f6+ Kg8 38. Bc4 1-0

[Event "?"]
[Site "ICC 5 3 09/17/97, Internet Ch"]
[Date "1997.??.??"]
[Round "?"]
[White "Brause"]
[Black "brit"]
[Result "1-0"]
[WhiteElo "2635"]
[BlackElo "2000"]
[PlyCount "106"]

1. e4 e5 2. Nf3 Nc6 3. Nc3 Nf6 4. Nxe5 Nxe5 5. d4 Ng6 6. e5 Bb4 7. exf6 Qxf6 8.
Qe2+ Qe7 9. Qxe7+ Nxe7 10. Bd2 d6 11. O-O-O Bd7 12. Re1 Be6 13. d5 Bxc3 14.
Bxc3 Nxd5 15. Bxg7 Rg8 16. Bh6 O-O-O 17. Bd2 Nb6 18. Rg1 Bd5 19. Bd3 h5 20. f3
Kd7 21. Bf5+ Be6 22. Bh7 Rg7 23. Be4 c6 24. Bc3 Rgg8 25. Bf6 Ra8 26. Re2 Nd5
27. Bxd5 cxd5 28. Kd2 Rg6 29. Bd4 b6 30. Ke3 Rag8 31. Kf4 h4 32. g4 hxg3 33.
hxg3 f5 34. Rh1 Re8 35. Rh7+ Re7 36. Rxe7+ Kxe7 37. Re3 Rh6 38. Ra3 a5 39. Bxb6
Rh2 40. Rc3 a4 41. b4 axb3 42. axb3 Rd2 43. Rc7+ Kf6 44. Ke3 Rd1 45. Bd4+ Kg6
46. Rc6 Kf7 47. Rxd6 Rg1 48. Be5 Re1+ 49. Kf4 Re2 50. c3 Rb2 51. Rb6 Ke7 52. c4
dxc4 53. Bxb2 cxb3 1-0

[Event "?"]
[Site "ICC 5 3 09/17/97, Internet Ch"]
[Date "1997.??.??"]
[Round "?"]
[White "Brause"]
[Black "brit"]
[Result "1-0"]
[WhiteElo "2635"]
[BlackElo "2000"]
[PlyCount "129"]

1. e4 e5 2. Nf3 Nc6 3. Nc3 Nf6 4. Nxe5 Nxe5 5. d4 Ng6 6. e5 Ng8 7. Bc4 Bb4 8.
Qf3 f5 9. h4 d5 10. Bb3 c6 11. Qg3 Qc7 12. a3 Bxc3+ 13. Qxc3 N8e7 14. h5 Nf8
15. h6 g6 16. Bg5 Ne6 17. Bf6 O-O 18. O-O-O Re8 19. Kb1 b5 20. g3 a5 21. Rhe1
Rb8 22. Qd3 b4 23. Ba4 Qb6 24. Rg1 Ba6 25. Qe3 Rb7 26. Rh1 Reb8 27. Bxe7 Rxe7
28. axb4 Qxb4 29. Qb3 Qxb3 30. cxb3 Bb5 31. Bxb5 Rxb5 32. Rd3 Reb7 33. Rc1 R7b6
34. Rd2 Rxb3 35. Rcd1 Kf7 36. Ka1 Ke7 37. Ka2 R3b4 38. Ka3 Nc7 39. Ka2 Ke6 40.
Ka1 Rc4 41. Kb1 a4 42. Rd3 Rbb4 43. R1d2 Nb5 44. Re3 Rxd4 45. Rxd4 Rxd4 46. f4
Re4 47. Rd3 d4 48. Rd2 c5 49. Rg2 Re3 50. Kc2 a3 51. bxa3 Nxa3+ 52. Kd1 c4 53.
Rd2 d3 54. Ra2 Nc2 55. Ra6+ Kd5 56. Kd2 Ke4 57. e6 Kf3 58. Ra7 Rxe6 59. Rxh7
Nd4 60. Rd7 Re5 61. fxe5 Nb3+ 62. Ke1 Ke3 63. e6 c3 64. e7 d2+ 65. Kd1 1-0

[Event "?"]
[Site "ICC 5 3 09/17/97, Internet Ch"]
[Date "1997.??.??"]
[Round "?"]
[White "Brause"]
[Black "tamar"]
[Result "1-0"]
[WhiteElo "2605"]
[BlackElo "2240"]
[PlyCount "29"]

1. e4 e5 2. Nf3 Nf6 3. Nc3 Nc6 4. Nxe5 Nxe5 5. d4 Ng6 6. e5 Ng8 7. Bc4 c6 8.
Qf3 d5 9. exd6 Nf6 10. Qe2+ Kd7 11. Nb5 cxb5 12. Bxb5+ Kxd6 13. Bf4+ Kd5 14.
c4+ Kxd4 15. Qe3# 1-0

[Event "?"]
[Site "ICC 5 3 09/17/97, Internet Ch"]
[Date "1997.??.??"]
[Round "?"]
[White "Brause"]
[Black "brit"]
[Result "1-0"]
[WhiteElo "2610"]
[BlackElo "1995"]
[PlyCount "74"]

1. e4 e5 2. Nf3 Nc6 3. Nc3 Nf6 4. Nxe5 Nxe5 5. d4 Ng6 6. e5 Ng8 7. Bc4 Bb4 8.
Qf3 f5 9. h4 d5 10. Qxd5 Qxd5 11. Bxd5 c6 12. Bb3 Nf8 13. a3 Bxc3+ 14. bxc3 Ne6
15. Rb1 b5 16. d5 cxd5 17. Bxd5 Rb8 18. Be3 Bd7 19. Bxa7 Rc8 20. Bd4 Ne7 21.
Bxe6 Bxe6 22. Rxb5 Kf7 23. h5 Rhd8 24. Rb6 Rc6 25. O-O Rxb6 26. Bxb6 Rd2 27.
Rc1 Nc6 28. f4 Bd5 29. Bf2 Na5 30. a4 Be4 31. Rb1 Rxc2 32. Rd1 Nc4 33. Rd7+ Kf8
34. e6 Rxc3 35. Bc5+ Ke8 36. Rxg7 Kd8 37. e7+ Ke8 1-0

[Event "?"]
[Site "ICC 5 3 09/17/97, Internet Ch"]
[Date "1997.??.??"]
[Round "?"]
[White "Brause"]
[Black "brit"]
[Result "1-0"]
[WhiteElo "2610"]
[BlackElo "1995"]
[PlyCount "61"]

1. e4 e5 2. Nf3 Nc6 3. Nc3 Nf6 4. Nxe5 Nxe5 5. d4 Ng6 6. e5 Ng8 7. Bc4 Bb4 8.
Qf3 f5 9. h4 d5 10. Qxd5 Qxd5 11. Bxd5 c6 12. Bf3 Be6 13. a3 Bxc3+ 14. bxc3
N8e7 15. h5 Nf8 16. Bg5 Bd5 17. Rb1 b6 18. Bxd5 cxd5 19. h6 g6 20. Bf6 Rg8 21.
O-O Rc8 22. Rb3 Kf7 23. a4 Nd7 24. Bg5 Rc4 25. e6+ Kxe6 26. Re1+ Kd6 27. Bf4+
Kc6 28. Re6+ Kb7 29. Rxe7 Rd8 30. Rb5 Rxa4 31. Rxd5 1-0

[Event "?"]
[Site "ICC 5 3 09/17/97, Internet Ch"]
[Date "1997.??.??"]
[Round "?"]
[White "Brause"]
[Black "brit"]
[Result "1-0"]
[WhiteElo "2610"]
[BlackElo "1995"]
[PlyCount "135"]

1. e4 e5 2. Nf3 Nc6 3. Nc3 Nf6 4. Nxe5 Nxe5 5. d4 Ng6 6. e5 Ng8 7. Bc4 Bb4 8.
Qf3 f5 9. h4 d5 10. Bb3 c6 11. Qg3 Qc7 12. a3 Bxc3+ 13. Qxc3 N8e7 14. h5 Nf8
15. h6 g6 16. Bg5 Ne6 17. Bf6 O-O 18. O-O-O Re8 19. Kb1 b5 20. g3 Qb6 21. Qd2
Rb8 22. Qb4 Kf7 23. Qd2 a5 24. Qe3 a4 25. Ba2 b4 26. Rhe1 Ba6 27. Rh1 Rb7 28.
axb4 Qxb4 29. b3 Reb8 30. Ka1 axb3 31. cxb3 Bb5 32. Bxe7 Kxe7 33. Qd2 Qxd2 34.
Rxd2 Ra7 35. Kb2 Ng5 36. Rc2 Rba8 37. Bb1 Ne4 38. Rg1 Rc7 39. Rg2 Ke6 40. Rc1
Rb8 41. Bc2 c5 42. Bxe4 dxe4 43. dxc5 Kxe5 44. g4 f4 45. Rgg1 Bd3 46. Rc3 Rb5
47. Rgc1 Rc6 48. f3 g5 49. fxe4 Bxe4 50. Ka3 Rb8 51. Re1 Ra6+ 52. Kb2 Rba8 53.
Rcc1 Rxh6 54. b4 Rh2+ 55. Kb3 Rh3+ 56. Kc4 Rd8 57. Kb5 Rb3 58. Ka4 Rb2 59. Ka3
Rbd2 60. b5 R8d3+ 61. Kb4 Rd4+ 62. Ka5 f3 63. c6 f2 64. Rf1 Ra2+ 65. Kb6 Rb2
66. c7 Rdb4 67. Rc5+ Kd4 68. c8=Q 1-0

[Event "?"]
[Site "ICC 5 3 09/17/97, Internet Ch"]
[Date "1997.??.??"]
[Round "?"]
[White "Brause"]
[Black "brit"]
[Result "0-1"]
[WhiteElo "2615"]
[BlackElo "1995"]
[PlyCount "107"]

1. e4 e5 2. Nf3 Nc6 3. Nc3 Nf6 4. Nxe5 Nxe5 5. d4 Ng6 6. e5 Ng8 7. Bc4 Bb4 8.
Qf3 f5 9. h4 d5 10. Qxd5 Qxd5 11. Bxd5 c6 12. Bb3 Nf8 13. a3 Bxc3+ 14. bxc3 Be6
15. a4 Bd5 16. O-O Bxb3 17. cxb3 Ne6 18. Ba3 Ne7 19. a5 Kf7 20. Bd6 b5 21. axb6
axb6 22. Ra4 b5 23. Rxa8 Rxa8 24. Rc1 Ra2 25. g3 f4 26. Bxe7 Kxe7 27. b4 fxg3
28. fxg3 Nc7 29. h5 Ke6 30. g4 h6 31. c4 bxc4 32. Rxc4 Kd7 33. Rc3 Nd5 34. Rf3
Ke7 35. Rf2 Rxf2 36. Kxf2 Nxb4 37. Ke3 Ke6 38. Ke4 Nd5 39. Kd3 Nc7 40. Kc4 Na6
41. Kc3 Kd5 42. e6 Kxe6 43. Kd2 Kd5 44. Kd3 Nc7 45. Kc3 Ne6 46. Kd3 Nxd4 47.
Ke3 Ne6 48. Kd3 c5 49. Ke3 c4 50. Kd2 Kd4 51. Kd1 Kc3 52. g5 Nxg5 53. Kc1 Ne4
54. Kb1 0-1

[Event "?"]
[Site "ICC 5 3 09/17/97, Internet Ch"]
[Date "1997.??.??"]
[Round "?"]
[White "Brause"]
[Black "brit"]
[Result "1/2-1/2"]
[WhiteElo "2580"]
[BlackElo "2025"]
[PlyCount "93"]

1. e4 e5 2. Nf3 Nc6 3. Nc3 Nf6 4. Nxe5 Nxe5 5. d4 Ng6 6. e5 Ng8 7. Bc4 Bb4 8.
Qf3 f5 9. h4 d5 10. Qxd5 Qxd5 11. Bxd5 c6 12. Bb3 Nf8 13. a3 Bxc3+ 14. bxc3 Be6
15. a4 Bxb3 16. cxb3 Ne6 17. Ba3 Ne7 18. Bxe7 Kxe7 19. Ke2 Rhd8 20. Rhd1 Rd7
21. a5 Rad8 22. b4 b5 23. Rac1 a6 24. g3 Nc7 25. h5 Ke6 26. Kd3 Kd5 27. Rd2 Rf8
28. Re1 Ne6 29. f4 g5 30. fxg5 Nxg5 31. Rf1 Ne4 32. Rg2 Rdf7 33. Rf4 Ke6 34. g4
Ng5 35. Ke3 fxg4 36. Rxf7 Rxf7 37. Rxg4 h6 38. Rf4 Rxf4 39. Kxf4 Nf7 40. Ke4
Ng5+ 41. Kf4 Nh7 42. Ke4 Nf8 43. Kf4 Nd7 44. Kg4 Nf8 45. Kf4 Nh7 46. Kg4 Ng5
47. Kf4 1/2-1/2

[Event "?"]
[Site "ICC 5 3 09/17/97, Internet Ch"]
[Date "1997.??.??"]
[Round "?"]
[White "Brause"]
[Black "brit"]
[Result "1-0"]
[WhiteElo "2565"]
[BlackElo "2040"]
[PlyCount "55"]

1. e4 e5 2. Nf3 Nc6 3. Nc3 Nf6 4. Nxe5 Nxe5 5. d4 Ng6 6. e5 Ng8 7. Bc4 Bb4 8.
Qf3 f5 9. h4 d5 10. Qxd5 Qxd5 11. Bxd5 c6 12. Bf3 Be6 13. a3 Bxc3+ 14. bxc3 Kd7
15. h5 N6e7 16. O-O h6 17. Bf4 Nd5 18. Bd2 b5 19. a4 Nge7 20. axb5 cxb5 21. Ra5
Rhb8 22. Rfa1 Nc6 23. c4 bxc4 24. Bxd5 Nxa5 25. Bxa8 Rxa8 26. Rxa5 Kc6 27. Ra6+
Kd7 28. d5 1-0

[Event "?"]
[Site "ICC 5 3 09/17/97, Internet Ch"]
[Date "1997.??.??"]
[Round "?"]
[White "Brause"]
[Black "igor"]
[Result "1-0"]
[WhiteElo "2580"]
[BlackElo "2360"]
[PlyCount "29"]

1. e4 e5 2. Nf3 Nc6 3. Nc3 Nf6 4. Nxe5 Nxe5 5. d4 Ng6 6. e5 Ng8 7. Bc4 d6 8.
Qf3 Be6 9. Qxb7 Be7 10. Nb5 Bxc4 11. Nxc7+ Kf8 12. Nxa8 dxe5 13. Qxa7 exd4 14.
Nb6 Bc5 15. Nd7+ 1-0

[Event "?"]
[Site "ICC 5 3 09/17/97, Internet Ch"]
[Date "1997.??.??"]
[Round "?"]
[White "Brause"]
[Black "igor"]
[Result "1-0"]
[WhiteElo "2585"]
[BlackElo "2350"]
[PlyCount "98"]

1. e4 e5 2. Nf3 Nc6 3. Nc3 Nf6 4. Nxe5 Nxe5 5. d4 Ng6 6. e5 Ng8 7. Bc4 d5 8.
Bxd5 c6 9. Bb3 Be6 10. O-O N8e7 11. Ne4 Nf5 12. c3 Bxb3 13. Qxb3 Qb6 14. Qxb6
axb6 15. g4 Nfh4 16. f4 h5 17. f5 hxg4 18. fxg6 Nf3+ 19. Rxf3 gxf3 20. gxf7+
Kxf7 21. Ng5+ Kg6 22. Nxf3 Be7 23. Kg2 Raf8 24. Be3 Kf5 25. Rf1 Ke4 26. Re1 Kd3
27. Bf2 g5 28. Rd1+ Kc2 29. Rd2+ Kb1 30. a4 g4 31. Ng1 Bg5 32. Re2 Ka2 33. Bg3
Kb3 34. e6 Be7 35. Be5 Rh7 36. Re4 Rg8 37. Ne2 Rg6 38. Bc7 Kxb2 39. Bxb6 Bd6
40. Bc5 Rxh2+ 41. Kg1 Bxc5 42. Kxh2 Bd6+ 43. Kg2 Rg7 44. Ng3 Bxg3 45. Kxg3 Re7
46. Re3 Kb3 47. Kxg4 Kc4 48. Kf5 Kd5 49. Kf6 Kd6 1-0

[Event "?"]
[Site "ICC 5 3 09/17/97, Internet Ch"]
[Date "1997.??.??"]
[Round "?"]
[White "Brause"]
[Black "ELLI"]
[Result "1-0"]
[WhiteElo "2650"]
[BlackElo "2075"]
[PlyCount "71"]

1. e4 e5 2. Nf3 Nc6 3. Nc3 Nf6 4. Nxe5 Nxe5 5. d4 Ng6 6. e5 Ng8 7. Bc4 Bb4 8.
Qf3 Bxc3+ 9. bxc3 f6 10. O-O Qe7 11. exf6 gxf6 12. Bh6 Nxh6 13. Rfe1 Ne5 14.
Qh5+ Nhf7 15. Bxf7+ Qxf7 16. Rxe5+ fxe5 17. Qxe5+ Qe6 18. Qxh8+ Ke7 19. Qxh7+
Kf8 20. Qh8+ Kf7 21. Qh5+ Ke7 22. Qc5+ Kd8 23. Qf8+ Qe8 24. Qxe8+ Kxe8 25. f4
d5 26. Re1+ Kf7 27. Re5 c6 28. h3 b6 29. Kf2 Ba6 30. g4 Rh8 31. Kg3 Bc4 32. a3
c5 33. g5 Bf1 34. h4 Bc4 35. Kg4 Rg8 36. f5 1-0

[Event "?"]
[Site "ICC 5 0 11/30/97, Internet Ch"]
[Date "1997.??.??"]
[Round "?"]
[White "evbad"]
[Black "Roby"]
[Result "1/2-1/2"]
[WhiteElo "2425"]
[BlackElo "2315"]
[PlyCount "102"]

1. e4 e5 2. Nf3 Nc6 3. Nc3 Nf6 4. Nxe5 Nxe5 5. d4 Ng6 6. e5 Ng8 7. Bc4 Bb4 8.
O-O Bxc3 9. bxc3 N8e7 10. f4 d5 11. Bd3 Bf5 12. Bxf5 Nxf5 13. g4 Nge7 14. gxf5
Nxf5 15. Qd3 g6 16. Rb1 b6 17. a4 O-O 18. a5 Qh4 19. a6 Qe7 20. Rb3 Rfe8 21.
Ba3 Qe6 22. Rbb1 Ng7 23. Rb4 Qf5 24. Qxf5 Nxf5 25. Kf2 Rad8 26. Rbb1 c6 27. Rg1
Kg7 28. Rg5 h6 29. Rg4 Rd7 30. Rh1 Rc8 31. h4 h5 32. Rg5 c5 33. dxc5 bxc5 34.
Rhg1 Kh7 35. Rxf5 gxf5 36. Rg5 Rc6 37. Rxh5+ Rh6 38. Rxf5 Rxh4 39. Bxc5 Rh2+
40. Kg3 Rxc2 41. Bd4 Ra2 42. Rh5+ Kg6 43. Rg5+ Kh6 44. Be3 Rxa6 45. f5 Kh7 46.
Rh5+ Kg8 47. f6 Ra3 48. Rg5+ Kh8 49. Rh5+ Kg8 50. Rg5+ Kh7 51. Rh5+ Kg8 1/2-1/2

[Event "?"]
[Site "ICC 5 0 11/15/97, Internet Ch"]
[Date "1997.??.??"]
[Round "?"]
[White "Brause"]
[Black "hampsh"]
[Result "1-0"]
[WhiteElo "2415"]
[BlackElo "1755"]
[PlyCount "24"]

1. e4 e5 2. Nf3 Nc6 3. Nc3 Nf6 4. Nxe5 Nxe5 5. d4 Bb4 6. dxe5 Nxe4 7. Qg4 Bxc3+
8. bxc3 Nxc3 9. Qxg7 Rf8 10. Bg5 f6 11. Bxf6 Rxf6 12. exf6 Qxf6 1-0

[Event "?"]
[Site "ICC 5 0 11/16/97, Internet Ch"]
[Date "1997.??.??"]
[Round "?"]
[White "Brause"]
[Black "Frank"]
[Result "1-0"]
[WhiteElo "2385"]
[BlackElo "2125"]
[PlyCount "107"]

1. e4 e5 2. Nf3 Nc6 3. Nc3 Nf6 4. Nxe5 Nxe5 5. d4 Ng6 6. e5 Ng8 7. Bc4 d5 8.
Bxd5 Bb4 9. Qf3 Bxc3+ 10. bxc3 f6 11. Bxb7 Bxb7 12. Qxb7 fxe5 13. dxe5 N8e7 14.
O-O O-O 15. Ba3 Re8 16. Rad1 Qc8 17. Qxc8 Raxc8 18. f4 h5 19. Bc5 a6 20. Rd7
Nf5 21. g3 Red8 22. Rfd1 Rxd7 23. Rxd7 Nf8 24. Bxf8 Kxf8 25. Kf2 Ke8 26. e6 Ne7
27. Kf3 g6 28. Ke4 Rd8 29. Rxd8+ Kxd8 30. Ke5 Ke8 31. h3 Kf8 32. g4 hxg4 33.
hxg4 Kg7 34. g5 a5 35. a4 Kf8 36. c4 Kg7 37. c3 Kf8 38. c5 Ke8 39. c4 Kf8 40.
c6 Kg7 41. c5 Nxc6+ 42. Kd5 Ne7+ 43. Ke4 Kf8 44. Ke5 Ke8 45. Kf6 Kf8 46. c6 Ke8
47. Kg7 Nxc6 48. Kxg6 Ne7+ 49. Kf6 c5 50. Ke5 Ng6+ 51. Ke4 c4 52. f5 c3 53.
fxg6 c2 54. g7 1-0

[Event "?"]
[Site "ICC 5 0 11/18/97, Internet Ch"]
[Date "1997.??.??"]
[Round "?"]
[White "Brause"]
[Black "Multimodal"]
[Result "1-0"]
[WhiteElo "2465"]
[BlackElo "2610"]
[PlyCount "55"]

1. e4 e5 2. Nf3 Nc6 3. Nc3 Nf6 4. Nxe5 Nxe5 5. d4 Nc6 6. d5 Nd4 7. Qxd4 b6 8.
Bf4 Bc5 9. Qe5+ Qe7 10. Qxe7+ Kxe7 11. Bxc7 Ng4 12. Nd1 Bd6 13. Bxd6+ Kxd6 14.
Be2 Ke5 15. Bxg4 Kxe4 16. O-O Kxd5 17. Bf3+ Ke6 18. Re1+ Kd6 19. Bxa8 Kc7 20.
Nc3 Bb7 21. Bxb7 Kxb7 22. Rad1 Kc7 23. Re7 Rd8 24. Rxf7 Kc6 25. Rxg7 Re8 26.
Rxh7 Re6 27. Rhxd7 Rd6 28. R1xd6+ 1-0

[Event "?"]
[Site "ICC 5 0 07/31/97, Internet Ch"]
[Date "1997.??.??"]
[Round "?"]
[White "evbad"]
[Black "lykos"]
[Result "0-1"]
[WhiteElo "2365"]
[BlackElo "2625"]
[PlyCount "36"]

1. e4 e5 2. Nf3 Nc6 3. Nc3 Nf6 4. Nxe5 Nxe5 5. d4 Ng6 6. e5 Ng8 7. Bc4 d6 8.
Qf3 Qd7 9. O-O dxe5 10. dxe5 Nxe5 11. Re1 Bd6 12. Qg3 Qe7 13. Bf4 f6 14. Nd5
Qf8 15. Rad1 Ne7 16. Qb3 g5 17. Bg3 N7c6 18. Bb5 Bd7 0-1

[Event "?"]
[Site "ICC 5 0 11/19/97, Internet Ch"]
[Date "1997.??.??"]
[Round "?"]
[White "Brause"]
[Black "MikeBurchNV"]
[Result "0-1"]
[WhiteElo "2485"]
[BlackElo "1905"]
[PlyCount "135"]

1. e4 e5 2. Nf3 Nc6 3. Nc3 Nf6 4. Nxe5 Nxe5 5. d4 Ng6 6. e5 Ng8 7. Bc4 d6 8.
Qf3 Qd7 9. O-O dxe5 10. dxe5 Bc5 11. e6 fxe6 12. Rd1 Bd4 13. Be3 Ne5 14. Qe2
Nxc4 15. Qxc4 c5 16. Nb5 a6 17. Bxd4 axb5 18. Qxc5 h5 19. f3 Qe7 20. Qxb5+ Kf7
21. Qe5 Nf6 22. Bc5 Qe8 23. c4 Qc6 24. Rd6 Qc7 25. Rxe6 Qxe5 26. Rxe5 Be6 27.
b3 Nd7 28. Rg5 Nf6 29. h4 Rhd8 30. Re5 Rd2 31. a4 Nd7 32. Rg5 g6 33. Bf2 Bf5
34. Rf1 Re8 35. g4 Bc2 36. Rb5 Rd3 37. b4 Bxa4 38. Rxb7 Bc6 39. Ra7 hxg4 40.
fxg4 Re4 41. Bc5+ Ke6 42. g5 Rg4+ 43. Kf2 Rf3+ 44. Ke2 Rxf1 45. Kxf1 Nxc5 46.
bxc5 Rxc4 47. Rc7 Rxc5 48. Kf2 Rc3 49. Rc8 Rf3+ 50. Ke2 Be4 51. Rh8 Kf5 52. Rh7
Kg4 53. Rh8 Rh3 54. Re8 Bf5 55. Re5 Kxh4 56. Re8 Kxg5 57. Kd2 Rd3+ 58. Ke1 Kf4
59. Rb8 Rc3 60. Rb6 g5 61. Ra6 g4 62. Ra1 g3 63. Kf1 Rb3 64. Kg1 Rb1+ 65. Rxb1
Bxb1 66. Kf1 Be4 67. Ke1 g2 68. Kf2 0-1

[Event "?"]
[Site "ICC 5 0 10/29/97, Internet Ch"]
[Date "1997.??.??"]
[Round "?"]
[White "evbad"]
[Black "beetle"]
[Result "0-1"]
[WhiteElo "2450"]
[BlackElo "2410"]
[PlyCount "24"]

1. e4 e5 2. Nf3 Nc6 3. Nc3 Nf6 4. Nxe5 Nxe5 5. d4 Nc6 6. d5 Bb4 7. dxc6 bxc6 8.
Bd2 Qe7 9. Bd3 Bxc3 10. Bxc3 Nxe4 11. O-O Nxc3 12. Re1 Nxd1 0-1

[Event "?"]
[Site "ICC 5 0 09/13/97, Internet Ch"]
[Date "1997.??.??"]
[Round "?"]
[White "evbad"]
[Black "ADOLF"]
[Result "1/2-1/2"]
[WhiteElo "2460"]
[BlackElo "2530"]
[PlyCount "42"]

1. e4 e5 2. Nf3 Nc6 3. Nc3 Nf6 4. Nxe5 Nxe5 5. d4 Ng6 6. e5 Ng8 7. Bc4 d6 8.
Qf3 Be6 9. Qxb7 Bxc4 10. Qc6+ Ke7 11. Qxc4 dxe5 12. Nd5+ Kd7 13. O-O Nf6 14.
Bg5 exd4 15. Rad1 Bd6 16. Rxd4 Ne5 17. Qa4+ Kc8 18. Qa6+ Kd7 19. Qa4+ Kc8 20.
Qa6+ Kd7 21. Qa4+ Kc8 1/2-1/2

[Event "?"]
[Site "ICC 5 0 08/16/97, Internet Ch"]
[Date "1997.??.??"]
[Round "?"]
[White "evbad"]
[Black "Sigi"]
[Result "0-1"]
[WhiteElo "2325"]
[BlackElo "2305"]
[PlyCount "112"]

1. e4 e5 2. Nf3 Nc6 3. Nc3 Nf6 4. Nxe5 Nxe5 5. d4 Nc6 6. d5 Ne7 7. e5 Nfxd5 8.
Nxd5 Nxd5 9. Qxd5 c6 10. Qe4 d5 11. exd6+ Be6 12. Bc4 Qxd6 13. Bxe6 Qxe6 14.
Qxe6+ fxe6 15. Be3 Be7 16. Ke2 Bf6 17. Rad1 b6 18. b3 Ke7 19. Rd3 Rad8 20. Rhd1
Rxd3 21. Rxd3 Rf8 22. c4 Rc8 23. Bf4 e5 24. Bg3 Ke6 25. Ke3 h5 26. h4 Rg8 27.
Ke4 g5 28. hxg5 Rxg5 29. Rf3 Rg4+ 30. Ke3 h4 31. Bh2 Bg5+ 32. Ke2 Rxg2 33. Rh3
Kf5 34. Kf1 Rg4 35. Rd3 Rd4 36. Rxd4 exd4 37. Bb8 a6 38. Ba7 Bd8 39. Bb8 b5 40.
Ke2 Ke4 41. f3+ Kf5 42. Kd3 Bf6 43. a4 bxa4 44. bxa4 Be5 45. Bxe5 Kxe5 46. f4+
Kxf4 47. Kxd4 h3 48. Kc5 h2 49. Kxc6 h1=Q+ 50. Kb6 Qe4 51. Kxa6 Ke5 52. Kb6 Kd6
53. c5+ Kd7 54. a5 Qb4+ 55. Ka6 Kc6 56. Ka7 Qb7# 0-1

[Event "?"]
[Site "ICC 5 0 08/26/97, Internet Ch"]
[Date "1997.??.??"]
[Round "?"]
[White "evbad"]
[Black "K6-Krafty"]
[Result "0-1"]
[WhiteElo "2335"]
[BlackElo "2760"]
[PlyCount "56"]

1. e4 e5 2. Nf3 Nc6 3. Nc3 Nf6 4. Nxe5 Nxe5 5. d4 Ng6 6. e5 Ng8 7. Bc4 Bb4 8.
O-O N8e7 9. f4 Bxc3 10. bxc3 d5 11. Bd3 Bf5 12. Bxf5 Nxf5 13. g4 Nfh4 14. f5
O-O 15. fxg6 Nxg6 16. Qf3 Qd7 17. Qf5 Qc6 18. Bd2 f6 19. e6 Rae8 20. Rae1 Re7
21. Re3 Rfe8 22. Rfe1 Nf8 23. h4 Qd6 24. c4 dxc4 25. d5 c6 26. a3 Qxd5 27. Bb4
Rxe6 28. Rxe6 Nxe6 0-1